00957nam a22002657a 45000010005000000030006000050050017000110080041000280200018000690400029000870500013001160820010001291000027001392450089001662500027002552600034002823000045003165050007003615200198003685210019005665210018005856500024006036500032006277000032006594773FISKH20250327082943.0241010b cb ||||| |||| 00| 0 eng d a9780545081061 aFISKHbengcFISKHdFISKH aPZ7.L856 a813.6 aLong, Melindad(1960-) aPirates don't change diapers /cWritten by Melinda Long Illustrated by David Shannon aFirst printing in 2008 aOrlando :bScholastic,c2007. a30 pages :bColor illustrations ;c28 cm aJ  aBraid Beard and his pirate crew return to retrieve the treasure they buried in Jeremy Jacob's backyard, but first they must help calm his baby sister, Bonney Anne, whom they awoke from her nap.8 a500L bLexile 8 aJ bRaz-Plus  2FamilyaBabysitting 2TreasureaPiratesvSiblings aShannon, DaviddIllustrator